Políticas de la posmodernidad : ensayos de crítica cultural /

Сохранить в:
Библиографические подробности
Главный автор: Heller, Agnes (autor)
Другие авторы: Fehér, Ferenc (autor) (autor)
Формат:
Язык:испанский
Опубликовано: Barcelona, España : Península, 1998, c1998
Серии:(Historia, Ciencia, Sociedad ; 273)
Предметы:
Метки: Добавить метку
Нет меток, Требуется 1-ая метка записи!

MARC

LEADER 00000nam^a2200000^a^4500
001 000182943
005 20250521000000.0
009 20260310102024.336
020 |a 84-8307-139-8 
037 |a Acervo ITESO - Biblioteca 
041 |a ESP 
082 |a 149. 97  |b HEL 
100 |a Heller, Agnes  |e (autor) 
245 1 0 |a Políticas de la posmodernidad :  |b ensayos de crítica cultural /  |c A. Heller, F. Fehér ; tr. por Montserrat Gurguí. 
264 4 |a Barcelona, España :  |b Península,  |c 1998, c1998 
336 |a texto  |b txt  |2 rdacontenido 
337 |a sin mediación  |b n  |2 rdamedio 
338 |a volumen  |b nc  |2 rdasoporte 
440 1 |a (Historia, Ciencia, Sociedad ;  |v 273) 
500 |a Traducción de: Postmodern Culture and Politics 
592 |a Fe de erratas: p. 9, el artículo La situación moral en la modernidad, es de Agnes Heller y no de Frenc Fehér; p. 24, La condición de la postmodernidad, es de Frenc Fehér y no de Agnes Heller. 
649 |a XX 
650 |a Música -  |x Filosofía 
650 |a Ciencias Sociales -  |x Filosofía 
650 |a Hermenéutica 
650 |a Cambios Sociales y Culturales 
650 |a Justicia e Injusticia 
650 |a Cultura Política 
650 |a Etica Política 
650 |a Filosofía Política 
650 |a Política -  |x Teoría 
650 |a Modernidad y Posmodernidad -  |x Tema Principal 
650 |a Filosofía del Siglo XX 
700 |a Fehér, Ferenc  |e (autor) 
910 |a Fondo General 
920 |a Impresos - Libros 
930 |a Colección General 
905 |a 101 
901 |a 0500122957  |b IT1  |c ACC  |u 20250521 
902 |a https://opac.biblio.iteso.mx/vufind/Record/000182943